000 00844nam a2200241Ia 4500
003 OSt
005 20220923214256.0
006 a|||||r|||| 00| 0
007 ta
008 220922b |||||||| |||| 00| 0 hin d
024 _a168,361
037 _cTextual
040 _aARTS
_cARTS
_bhin
041 _2hin
_ahin
082 _aO152,1M65,12, J4
100 _aहरिऔध, अयोध्यासिंह उपाध्याय, संपा.
_9163300
245 0 _aसतसई, वैणीमाधवशर्मा
246 _aSatasaī, vaiṇīmādhavasharmā
260 _c1954
650 _aहिन्दी साहित्य
_9156264
942 _hO152,1M65,12, J4
_cTEXL
_2CC
999 _c322831
_d322831